College Quizbowl Stats
College Quizbowl Stats
Circuits
Seasons
Sets
Records
Detailed Stats
About
Loading...
Pacific
Tossups
Bonuses
Players
Teams
Categories (Tossup)
Categories (Bonus)
Ruby Eisenberg
Michigan D
Categories
Category
Powers
Gets
Negs
BBs
Points
Earliest Buzz
Avg. Buzz
First Buzzes
Top 3 Buzzes
BPA
PVF
Social Science
0
1
1
0
5
78
78.00
0
0
0.00
0.00
Literature - British
0
0
0
0
0
0.00
0
0
0.00
0.00
Literature - American
0
0
1
0
-5
0.00
0
0
0.00
0.00
Popular Culture
0
0
1
0
-5
0.00
0
0
0.00
0.00
Buzzes
Category
Answer
Value
Buzz Position
Social Science
superpowers
-5
51
Literature - American
W. H. Auden
-5
54
Popular Culture
summer
-5
64
Social Science
attachment
10
78
Literature - British
Catherine
0
115
Previous
1
Next